Obľúbený za každú cenu Prečo v snahe vyhovieť druhým strácame samých seba - a ako sa opäť nájsť

Saved in:
Bibliographic Details
Main Author Clayton, Ingrid
Format Electronic eBook
LanguageCzech
Published Grada SK 2026
Edition1. elektronické vydání
Subjects
Online AccessDostupné v BOOKPORT po přihlášení pomocí eduID
ISBN978-80-8305-265-9
978-80-8305-263-5
Physical Description1 online zdroj (296 stran)

Cover

LEADER 00000nam a2200000 i 4500
001 bkp100525
003 CZ-prgp
005 20260407112622.0
006 m o d
007 cr cn
008 260407s2026 xr o 000 0 cze
020 |a 978-80-8305-265-9  |c 18 Kč  |q (online ; epub) 
020 |a 978-80-8305-263-5  |c 21 Kč  |q (print) 
040 |a Grada  |b cze  |e rda 
100 1 |a Clayton, Ingrid 
245 1 0 |a Obľúbený za každú cenu  |b Prečo v snahe vyhovieť druhým strácame samých seba - a ako sa opäť nájsť  |c Ingrid Clayton 
250 |a 1. elektronické vydání 
264 1 |b Grada SK  |c 2026 
300 |a 1 online zdroj (296 stran) 
336 |a text  |b txt  |2 rdacontent 
337 |a počítač  |b c  |2 rdamedia 
338 |a online zdroj  |b cr  |2 rdacarrier 
520 3 |a Byť sebou je odvážne a slobodné. Mať na prvom mieste seba je sebavedomé. Zdravé hranice sú vyjadrením rešpektu k sebe a druhým. 
650 0 4 |a Sebepoznání 
650 0 4 |a Uvědomělý život 
650 0 4 |a Šťastný život 
650 0 4 |a Sebedůvěra a emoce 
650 0 4 |a Vztahy, láska, rodina 
856 4 0 |u https://www.bookport.cz/AccountSaml/SignIn/?idp=https://shibboleth.utb.cz/idp/shibboleth&returnUrl=/kniha/oblubeny-za-kazdu-cenu-15917/  |y Dostupné v BOOKPORT po přihlášení pomocí eduID